Medzipristátie v dome č. 18

Bibliographic Details
Main Author: Rodari, Gianni, 1920-1980 (Author)
Other Authors: Horváth, M. (Translator), Bartoš, Peter (gup)
Format: Article
Language:Slovak
Subjects:

MARC

LEADER 00000nab a2200000 a 4500
001 vtls000216440
003 SK-MaSNL
005 20260303165459.0
008 111130c1985 xo 0 slo
015 |a SNBRB19rr/mm-uuuuu 
035 |a CL0226554 
040 |a SNKBUCL  |b slo  |c SNKBUCL  |e AACR2 
041 0 |a slo 
044 |a xo  |c SK 
080 |a 850-3  |2 1981 
100 1 |a Rodari, Gianni,  |d 1920-1980  |4 aut  |9 223425 
245 1 0 |a Medzipristátie v dome č. 18  |c Gianni Rodari ; M. Horváth, Peter Bartoš 
650 0 7 |a poviedky vedecko-fantastické  |2 snkbucl  |9 315525 
655 7 |a články z novín a časopisov  |2 snkbucl  |9 267496 
655 7 |a články z odboru literárna veda a krásna literatúra  |2 snkbucl  |9 770045 
700 1 |a Horváth, M.  |4 trl  |9 554884 
700 1 |a Bartoš, Peter  |4 gup  |9 307929 
773 0 |t Kamarát  |g Roč. 17, č. 37 (1985), s. 12 
850 |a Slovenská národná knižnica v Martine  |a MTA001 
852 |a SNK  |b KIS3GCP 
958 |a RK 
958 |a LX 
992 |a RBX 
999 |c 2071944  |d 2073874